| 000 | 00541nam a2200193Ia 4500 | ||
|---|---|---|---|
| 001 | 1715 | ||
| 003 | GE_BSU | ||
| 008 | 181216s||||||||xx |||||||||||||| ||und|| | ||
| 040 | _cGE_BSU | ||
| 080 | _a811.353.1 | ||
| 100 | _aთაყაიშვილი, ა | ||
| 245 | _aქართული ფრაზეოლოგიის საკითხები | ||
| 260 | _aთბილისი | ||
| 260 | _bსაქ. სსრ. აკად. | ||
| 260 | _c1961 | ||
| 300 | _a154 გვ.22 სმ. | ||
| 541 | _h10 ლ. | ||
| 942 | _cBK | ||
| 999 |
_c35826 _d35826 |
||